| 000 | 00536nam a2200217 a 4500 | ||
|---|---|---|---|
| 001 | BRCA_6122 | ||
| 005 | 20190320205337.0 | ||
| 008 | 040711s1918----gw-a######---#000-0#ger-# | ||
| 041 | _ager | ||
| 044 | _agw | ||
| 050 | 4 |
_aPT2631 .R35 _b.S3 1918 |
|
| 100 | 1 |
_aPresber, Rudolf _d1868-1935 _915453 |
|
| 245 | 1 | 0 |
_aDer Schatz in der Tute _cRudolf Presber. |
| 250 | _a5 | ||
| 260 |
_aBerlĂn _bEysler _c1918 |
||
| 300 |
_a174 p. _bil. _c20 cm. |
||
| 500 | _aK24 | ||
| 650 | 1 | 4 |
_aLiteratura Alemana _96160 |
| 902 | _aGFM | ||
| 942 |
_2lcc _cB |
||
| 999 |
_c5809 _d5809 |
||